Το σύγχρονο Ισλάμ : η συνάντηση με τη δύση ; μια ιστορική και πολιτική προσέγγιση

Αποθηκεύτηκε σε:
Λεπτομέρειες βιβλιογραφικής εγγραφής
Κύριος συγγραφέας: Πάτελος, Κωνσταντίνος Γ.
Μορφή: Βιβλίο
Γλώσσα:Greek
Δημοσίευση: Αθήνα : Σιδέρης, 2006.
Θέματα:
Ετικέτες: Προσθήκη ετικέτας
Δεν υπάρχουν, Καταχωρήστε ετικέτα πρώτοι!

MARC

LEADER 00000cam a2200000 i 4500
001 1/43949
008 070509s2006 gr | ||| |||| ||gre||
020 |a 9600803900 
035 |l 10087736 
040 |a GR-MY-UA  |b gre  |e aacr 
041 0 |a gre 
082 7 |a 297.2   |2 (22) 
100 1 |a Πάτελος, Κωνσταντίνος Γ. 
245 1 3 |a Το σύγχρονο Ισλάμ :   |b η συνάντηση με τη δύση ; μια ιστορική και πολιτική προσέγγιση /   |c Κωνσταντίνος Γ. Πάτελος.  
260 |a Αθήνα :   |b Σιδέρης,   |c 2006.  
300 |a 452 σ. ;   |c 21 εκ.  
504 |a Βιβλιογραφία: σ. 449-452.  
650 0 0 |a Islam  |z Europe. 
650 0 0 |a Islam and politics. 
650 0 0 |a Islam and politics  |z Middle East. 
650 0 0 |a Islam  |x Relations  |x Christianity. 
852 |a INST  |b RHODES  |e 20070509  |h 297.2 ΠΑΤ  |p 005400026611  |q 005400026611  |t BK  |y 4  |x 20210107 
901 |a BIBL4-2007-2 
909 |a Ρ  |b 127893 
970 |a ΜΙΣΣΟΣ  |b ΣΤΑΥΡΟΣ  |z 2007/05/09